| 000 | 00464nam a2200193Ia 4500 | ||
|---|---|---|---|
| 008 | 170918s9999 xx 000 0 und d | ||
| 020 | _a590897489 | ||
| 050 | _bS718 1995 | ||
| 100 | _aSoto, Gary | ||
| 245 | _aChato's kitchen / | ||
| 245 | _cGary Soto ; illustrated by Susan Guevara. | ||
| 260 | _aNew York : | ||
| 260 | _bScholastic, | ||
| 260 | _c1995 | ||
| 300 | _aunpaged : | ||
| 300 | _bcolored illustration ; | ||
| 300 | _c27cm. | ||
| 500 | _a740 | ||
| 999 |
_c342016 _d342016 |
||